Hečkov bronz príjemným prekvapením

Bibliographic Details
Main Author: Hrmo, Martin (Author)
Format: Article
Language:Slovak
PhysicalDescription:Fotogr.
ISSN:1336-6068
Subjects:

MARC

LEADER 00000nab a2200000 ar4500
001 vtls008934224
003 SK-MaSNL
005 20260303070605.0
008 070110c2006 xo wr|p|||||||000 b|slo
015 |a SNBRB2007/01  |2 snkbucl 
038 |a SNKBUCL 
040 |a SNKBUCL  |b slo  |c SNKBUCL  |e AACR2 
041 0 |a slo 
044 |a xo  |c SK 
080 |a 796.894.093.1-053.6  |x (100)  |2 UDC-MRF-SK2 
100 1 |a Hrmo, Martin  |4 aut  |9 267871 
245 1 0 |a Hečkov bronz príjemným prekvapením  |c Martin Hrmo 
300 |b Fotogr. 
611 2 7 |a Majstrovstvá sveta juniorov vo fitness, bodyfitness, kulturistike a v kulturistike masters, 10.-12.11.2006 Agrigento  |d (2006 :  |c Agrigento, Taliansko)  |2 snkbucl  |9 1068219 
650 0 7 |a kulturistika  |2 snkbucl  |9 3254 
650 0 7 |a bodyfitness  |2 snkbucl  |9 872533 
650 0 7 |a fitnes  |2 snkbucl  |9 31481 
650 0 7 |a juniori  |2 snkbucl  |9 838750 
773 0 |t Muscular Storm  |g Č. 12 (2006), s. 4-25  |x 1336-6068 
852 |a SNK  |b KIS3GCP 
999 |c 1756031  |d 1757961